[Event "Mazowiec-chT op 1718"]
[Site "Warsaw"]
[Date "2018.02.18"]
[Round "7.3"]
[White "Radecki, Krzysztof"]
[Black "Milewski, Miroslaw"]
[Result "1-0"]
[WhiteElo "1948"]
[BlackElo "1235"]
[PlyCount "71"]
[EventDate "2017.12.03"]
[EventType "team-swiss"]
[EventRounds "10"]
[EventCountry "POL"]
[SourceTitle "EXT 2020"]
[Source "ChessBase"]
[SourceDate "2019.10.17"]
[SourceVersion "1"]
[SourceVersionDate "2019.10.17"]
[SourceQuality "1"]

1. e4 e5 2. f4 d6 3. Bc4 Nf6 4. d3 c6 5. Nf3 Bg4 6. fxe5 Bxf3 7. Qxf3 dxe5 8. Qg3 Nbd7 9. Nc3 g6 10. Be3 Bb4 11. Bh6 Be7 12. 0-0-0 Nh5 13. Qg4 Ndf6 14. Qf3 Qd7 15. h3 0-0-0 16. g4 Nf4 17. Bxf4 exf4 18. Qxf4 h6 19. Bxf7 Nd5 20. exd5 Bg5 21. Qxg5 Qxf7 22. Qe3 cxd5 23. Qxa7 d4 24. Rdf1 Qe6 25. Ne4 Qd5 26. Rf6 Rhe8 27. Rhf1 Qe5 28. Qa8+ Kc7 29. Rf7+ Re7 30. Rxe7+ Qxe7 31. Qa7 Qe5 32. Rf7+ Rd7 33. Qc5+ Qxc5 34. Rxd7+ Kxd7 35. Nxc5+ Kc6 36. Ne6 1-0

[Event "Mazowiec-chT op 1718"]
[Site "Warsaw"]
[Date "2018.01.07"]
[Round "4.14"]
[White "Mietek, Lukasz"]
[Black "Radecki, Krzysztof"]
[Result "1-0"]
[WhiteElo "1877"]
[BlackElo "1948"]
[PlyCount "87"]
[EventDate "2017.12.03"]
[EventType "team-swiss"]
[EventRounds "10"]
[EventCountry "POL"]
[SourceTitle "EXT 2020"]
[Source "ChessBase"]
[SourceDate "2019.10.17"]
[SourceVersion "1"]
[SourceVersionDate "2019.10.17"]
[SourceQuality "1"]

1. e4 e5 2. Nf3 Nf6 3. Nxe5 d6 4. Nf3 Nxe4 5. d4 Be7 6. d5 0-0 7. Be2 Nd7 8. 0-0 Ndf6 9. Bf4 Bg4 10. h3 Bh5 11. c4 a5 12. Nbd2 Nxd2 13. Qxd2 Ne4 14. Qc2 Bg6 15. Bd3 Nc5 16. Bxg6 hxg6 17. b3 Bf6 18. Rab1 Re8 19. Rfe1 Qd7 20. Bg5 Bxg5 21. Nxg5 Qf5 22. Qxf5 gxf5 23. Nf3 Nd3 24. Red1 Nb4 25. Rd2 Re7 26. Nd4 g6 27. a3 Na6 28. b4 axb4 29. axb4 Rae8 30. Kf1 Re4 31. b5 Nc5 32. b6 cxb6 33. f3 R4e7 34. Rxb6 Rd7 35. Nb5 Red8 36. Ra2 Kg7 37. Ra5 Nb3 38. Ra2 Kf6 39. f4 Ke7 40. Nxd6 Rxd6 41. Rxb7+ R6d7 42. Rxb3 Rc8 43. Rc2 Rxd5 44. Re2+ 1-0

[Event "Warsaw YMCA Winter-B 87th"]
[Site "Warsaw"]
[Date "2011.03.09"]
[Round "10"]
[White "Radecki, Krzysztof"]
[Black "Wroblewski, Szymon"]
[Result "1-0"]
[WhiteElo "1964"]
[BlackElo "1831"]
[PlyCount "97"]
[EventDate "2011.01.05"]
[EventType "tourn"]
[EventRounds "13"]
[EventCountry "POL"]
[SourceTitle "EXT 2019"]
[Source "ChessBase"]
[SourceDate "2018.10.10"]
[SourceVersion "1"]
[SourceVersionDate "2018.10.10"]
[SourceQuality "1"]

1. e4 c5 2. Nf3 Nc6 3. d4 cxd4 4. Nxd4 Nf6 5. Nc3 e6 6. Bg5 Be7 7. Ndb5 d6 8. Bxf6 gxf6 9. Nd4 Qb6 10. Nb3 a6 11. Qd2 Bd7 12. Be2 Rg8 13. g3 Ne5 14. Rf1 Qc7 15. f4 Nc4 16. Bxc4 Qxc4 17. Qd4 Rc8 18. Qxc4 Rxc4 19. 0-0-0 b6 20. Rd4 Rxd4 21. Nxd4 b5 22. a3 Bd8 23. Kd2 Bb6 24. Kd3 Ke7 25. Nf5+ exf5 26. Nd5+ Ke6 27. Nxb6 fxe4+ 28. Kxe4 Bc6+ 29. Kd4 d5 30. Kc5 Bb7 31. Re1+ Kf5 32. Re7 Bc8 33. Nxd5 Be6 34. Ne3+ Ke4 35. f5 Rc8+ 36. Kb6 Kxe3 37. fxe6 fxe6 38. Rxe6+ Kd2 39. Rxf6 Kxc2 40. Rf2+ Kb3 41. Kxa6 Rc5 42. Kb6 Rg5 43. Rg2 h5 44. h3 Re5 45. Kc6 Rg5 46. Kd6 Rf5 47. g4 Rg5 48. Ke6 Rg8 49. g5 1-0

[Event "Warsaw YMCA Winter-B 87th"]
[Site "Warsaw"]
[Date "2011.01.19"]
[Round "3"]
[White "Radecki, Krzysztof"]
[Black "Grochowski, Mariusz"]
[Result "0-1"]
[WhiteElo "1964"]
[BlackElo "1919"]
[PlyCount "90"]
[EventDate "2011.01.05"]
[EventType "tourn"]
[EventRounds "13"]
[EventCountry "POL"]
[SourceTitle "EXT 2019"]
[Source "ChessBase"]
[SourceDate "2018.10.10"]
[SourceVersion "1"]
[SourceVersionDate "2018.10.10"]
[SourceQuality "1"]

1. e4 c5 2. Nf3 Nf6 3. e5 Nd5 4. c3 Nc6 5. d4 cxd4 6. cxd4 d6 7. Nc3 dxe5 8. dxe5 Be6 9. Nd4 Nxc3 10. bxc3 Qa5 11. Nxe6 Qxc3+ 12. Qd2 Qxe5+ 13. Be2 Qxe6 14. Rb1 Rd8 15. Qb2 Nd4 16. Be3 Nxe2 17. Qxe2 a6 18. 0-0 b5 19. Rfc1 f5 20. Qc2 Rd5 21. a4 Kf7 22. axb5 axb5 23. Qb3 g6 24. Bf4 Rd4 25. Qxe6+ Kxe6 26. Re1+ Re4 27. Rxe4+ fxe4 28. Rxb5 Bg7 29. h4 h5 30. Rb6+ Kf5 31. Bg5 Bf6 32. Rb5+ Kg4 33. f3+ Kg3 34. fxe4 Bd4+ 35. Kf1 Rf8+ 36. Ke1 Kxg2 37. Kd2 Rf2+ 38. Kd3 Bf6 39. Rb6 Kg3 40. Ke3 Rf3+ 41. Ke2 Bxg5 42. hxg5 h4 43. Rxg6 h3 44. Rh6 Kg2 45. g6 Rg3 0-1

[Event "Ketrzyn op"]
[Site "Ketrzyn"]
[Date "2007.12.27"]
[Round "2"]
[White "Radecki, Krzysztof"]
[Black "Dzionk, Agata"]
[Result "0-1"]
[WhiteElo "1989"]
[BlackElo "1756"]
[PlyCount "98"]
[EventDate "2007.12.27"]
[EventType "swiss"]
[EventRounds "9"]
[EventCountry "POL"]
[SourceTitle "CBM 122 Extra"]
[Source "ChessBase"]
[SourceDate "2008.03.04"]
[SourceVersion "1"]
[SourceVersionDate "2008.03.04"]
[SourceQuality "1"]

1. e4 d5 2. exd5 Qxd5 3. Nc3 Qa5 4. Nf3 Nf6 5. Be2 c6 6. 0-0 Bg4 7. h3 Bh5 8. d3 Nbd7 9. Bf4 0-0-0 10. a3 g5 11. Nxg5 Bg6 12. Qd2 e5 13. b4 Qc7 14. Be3 h6 15. Nf3 Rg8 16. Nh4 Bh5 17. Bxh5 Nxh5 18. Ne4 f5 19. Nxf5 Nf4 20. Bxf4 exf4 21. Nh4 Be7 22. Nf3 Nf6 23. Nxf6 Bxf6 24. Rae1 Qg7 25. g3 fxg3 26. fxg3 Bc3 27. Qf4 Rdf8 28. Qg4+ Qxg4 29. hxg4 Rxf3 30. Rxf3 Bxe1 31. Re3 Bd2 32. Re4 Kd7 33. Kg2 Re8 34. Kf3 Rxe4 35. Kxe4 Be1 36. Kf4 Ke6 37. c4 b5 38. Ke4 Bxg3 39. cxb5 cxb5 40. Kd4 Kd6 41. a4 bxa4 42. Kc4 a6 43. Kd4 Be1 44. Kc4 a3 45. Kb3 a2 46. Kxa2 Bxb4 47. Kb3 Kc5 48. d4+ Kxd4 49. Kxb4 Ke4 0-1

[Event "Mazowiec-chT 0708"]
[Site "Poland"]
[Date "2007.10.28"]
[Round "2"]
[White "Zajewski, Zbigniew"]
[Black "Radecki, Krzysztof"]
[Result "0-1"]
[WhiteElo "1912"]
[BlackElo "1989"]
[PlyCount "110"]
[EventDate "2007.10.14"]
[EventType "tourn"]
[EventRounds "10"]
[EventCountry "POL"]
[SourceTitle "EXT 2010"]
[Source "ChessBase"]
[SourceDate "2010.11.25"]
[SourceVersion "1"]
[SourceVersionDate "2010.11.25"]
[SourceQuality "1"]

1. d4 Nf6 2. c4 g6 3. Nc3 Bg7 4. Nf3 0-0 5. e4 d6 6. Be2 c5 7. 0-0 cxd4 8. Nxd4 Nc6 9. Be3 Bd7 10. Rc1 Rc8 11. h3 a6 12. Qd2 Re8 13. Bf3 Nxd4 14. Bxd4 Rxc4 15. e5 dxe5 16. Bxe5 Bc6 17. Qe2 Rc5 18. Qe3 Nd7 19. Bxg7 Kxg7 20. Bg4 e6 21. Rcd1 Qa5 22. Rxd7 Bxd7 23. Qd4+ Kf8 24. Qxd7 Qc7 25. Rd1 Qxd7 26. Rxd7 Re7 27. Rd8+ Kg7 28. Bf3 b5 29. Ra8 b4 30. Na4 Ra5 31. b3 Rc7 32. Be4 Rc1+ 33. Kh2 Ra1 34. Bd3 Rxa2 35. f3 Rg5 36. Bf1 a5 37. h4 Re5 38. Bc4 h5 39. Nb6 Rc5 40. Ra7 Rc6 41. Nd7 Rxc4 42. bxc4 b3 43. Nc5 b2 44. Rb7 a4 45. Nxe6+ Kf6 46. Nd4 a3 47. Nc2 b1Q 48. Rxb1 Rxc2 49. Ra1 a2 50. Kh3 Ke5 51. g4 Kd4 52. c5 Kc3 53. Re1 Kb2 54. Kg3 Rxc5 55. Kf4 a1Q 0-1

[Event "Wloclawek Weekend Classic 3rd"]
[Site "Wloclawek"]
[Date "2007.08.27"]
[Round "2"]
[White "Pawlowski, Pawel"]
[Black "Radecki, Krzysztof"]
[Result "1-0"]
[WhiteElo "1938"]
[BlackElo "2059"]
[PlyCount "113"]
[EventDate "2007.08.24"]
[EventType "swiss"]
[EventRounds "5"]
[EventCountry "POL"]
[SourceTitle "EXT 2011"]
[Source "ChessBase"]
[SourceDate "2010.11.26"]
[SourceVersion "1"]
[SourceVersionDate "2010.11.26"]
[SourceQuality "1"]

1. e4 e5 2. Nf3 Nf6 3. Nxe5 d6 4. Nf3 Nxe4 5. Nc3 Nxc3 6. dxc3 Be7 7. Be3 Nd7 8. Qd2 Nf6 9. h3 Be6 10. Nd4 Bd7 11. Bc4 Ne4 12. Qe2 0-0 13. 0-0-0 Bg5 14. Kb1 Bxe3 15. Qxe3 Re8 16. Qf4 Qf6 17. Qxf6 Nxf6 18. Rhe1 g6 19. Kc1 Kg7 20. f3 Nh5 21. Ne2 Bc6 22. g4 Nf6 23. Nd4 Bd7 24. Kd2 h6 25. Rxe8 Rxe8 26. Re1 Rxe1 27. Kxe1 Nh7 28. Kf2 c5 29. Nb3 b6 30. Bd5 Be6 31. c4 Nf6 32. Bxe6 fxe6 33. Nd2 d5 34. c3 Nd7 35. f4 Kf6 36. Kf3 Nb8 37. Ke3 g5 38. cxd5 gxf4+ 39. Ke4 e5 40. h4 Nd7 41. Nf3 c4 42. g5+ hxg5 43. hxg5+ Kg6 44. d6 b5 45. Nxe5+ Nxe5 46. Kxe5 f3 47. d7 f2 48. d8Q f1Q 49. Qf6+ Qxf6+ 50. gxf6 Kf7 51. Kf5 a5 52. a3 Kf8 53. Ke6 Ke8 54. Kd5 Kf7 55. Kc5 Kxf6 56. Kxb5 Ke5 57. Kxc4 1-0